LEADER 01331cam a22002891i 4500 001 991000337669707536 005 20240314154040.0 008 040923s2003 it 000 0 ita d 020 $a9788849505863 035 $ab13206813-39ule_inst 040 $aSet. Economia$bita$cA.t.i. Arché s.c.r.l. Pandora Sicilia s.r.l. 082 04$a346.4503 100 1 $aBocchini, Roberto$0264263 245 13$aLa responsabilita civile degli intermediari del commercio elettronico :$bcontributo allo studio dell'illecito plurisoggettivo permanente /$cRoberto Bocchini 260 $aNapoli :$bEdizioni scientifiche italiane,$cc2003 300 $a269 p. ;$c24 cm 490 1 $aConsumatori oggi ;$v10 500 $aSegue: Appendice normativa. 650 4$aCommercio elettronico$xAspetti giuridici 650 4$aSocietà commerciali$xSoci$xResponsabilita 907 $a.b13206813$b02-04-14$c23-09-04 912 $a991000337669707536 945 $aLE025 ECO LIB G 500$g1$i2025000192256$lle025$nC. 1$o-$pE0.00$q-$rl$s-$t0$u1$v0$w1$x0$y.i13861815$z23-09-04 945 $aLE027 346.03 BOC01.01$g1$i2027000130146$lle027$o-$pE22.00$q-$rl$s-$t0$u5$v6$w5$x0$y.i14466715$z30-05-07 996 $aResponsabilità civile degli intermediari del commercio elettronico$9679394 997 $aUNISALENTO 998 $ale025$ale027$b23-09-04$cm$da$e-$fita$git$h3$i1 LEADER 00859nam 2200277 450 001 996603772503316 005 20240626095656.0 100 $a20240626d1943----km y0itay5003 ba 101 0 $aeng 102 $aUS 105 $ay 00 y 200 1 $aChild behavior and development$ea course of representative studies$fedited by Roger G. Barker, Jacob S. Kounin, Herbert F. Wright 210 $aNew York$cMcGraw-Hill$d1943 215 $aVIII, 652 p.$d23 cm 225 2 $aMcGraw-Hill series in psychology 410 0$aMcGraw-Hill series in psychology 606 0 $aBambini$2BNCF 676 $a150.1943 700 1$aBARKER,$bRoger G.$0304453 801 0$aIT$bcba$gREICAT 912 $a996603772503316 951 $aII.3. 870$b3341 L.M.$cII.3.$d559230 959 $aBK 969 $aUMA 996 $aChild behavior and development$94168371 997 $aUNISA LEADER 02163nas 2200649-a 450 001 9910139535003321 005 20260218112212.0 011 $a1179-5484 035 $a(OCoLC)650323926 035 $a(CKB)2550000000016457 035 $a(CONSER)--2010243848 035 $a(DE-599)ZDB2583465-4 035 $a(TW-Airiti)jkey=P20160620004 035 $a(TW-Airiti)P20160620004 035 $a(MiFhGG)5RLS 035 $a(MiAaPQ)1086349 035 $a(DE-599)2583465-4 035 $a(EXLCZ)992550000000016457 100 $a20091209a20109999 --- a 101 0 $aeng 135 $aurmn||||a|||| 181 $ctxt$2rdacontent 182 $cc$2rdamedia 183 $acr$2rdacarrier 200 00$aClinical medicine insights$iCirculatory, respiratory and pulmonary medicine 210 $a[Auckland, N.Z.] $cLibertas Academica$d[2010]- 210 31$aThousand Oaks, CA :$cSAGE Publications 215 $a1 online resource 300 $aArchived by the National Library of New Zealand. 300 $aSome issues have supplements. 300 $aRefereed/Peer-reviewed 517 3 $aCirculatory, respiratory and pulmonary medicine 531 $aCLINICAL MEDICINE INSIGHTS 531 $aCLIN MED INSIGHTS CIRC RESPIR PULM MED 531 $aENG 531 1 $aClin. med. insights, Circ. respir. pulm. med. 606 $aCardiovascular system$xDiseases$vPeriodicals 606 $aRespiratory organs$xDiseases$vPeriodicals 606 $aBlood Circulation 606 $aRespiration 606 $aLung Diseases 606 $aCardiovascular system$xDiseases$2fast$3(OCoLC)fst00847181 606 $aRespiratory organs$xDiseases$2fast$3(OCoLC)fst01095766 608 $aPeriodical. 608 $aPeriodicals.$2fast 615 0$aCardiovascular system$xDiseases 615 0$aRespiratory organs$xDiseases 615 12$aBlood Circulation. 615 12$aRespiration. 615 12$aLung Diseases. 615 7$aCardiovascular system$xDiseases. 615 7$aRespiratory organs$xDiseases. 676 $a616.1005 906 $aJOURNAL 912 $a9910139535003321 996 $aClinical medicine insights$91939883 997 $aUNINA